000 00474nam a2200193Ia 4500
005 20230913094200.0
008 131103s9999 xx 000 0 und d
020 _a0 86012 048 1
040 _aLoreto College
041 _aEnglish
082 _a242
_bRAH
100 _aRahner, Karl
245 _aPrayers For Meditation
_cKarl Rahner
260 _aLondon
_bBurns & Oates
_c1977
300 _a70p
650 _aDevotional literature
850 _aLCLIB
942 _cBK
999 _c24541
_d75020